| 000 | 01022nam a2200217 i 4500 | ||
|---|---|---|---|
| 001 | 154634 | ||
| 003 | ES-MaACL | ||
| 005 | 20250721193130.0 | ||
| 008 | 020725s1891 sp |||| | spa d | ||
| 100 | 1 |
_aGonzález y González, José Rodrigo. _9127451 |
|
| 245 | 1 | 0 | _aDiscurso sobre las locuras volitivas, que presenta D. José Rodrigo González y González para aspirar al grado de doctor en esta Facultad. |
| 260 |
_aMadrid : _bImp. y Librería de Nicolás Moya, _c1891. |
||
| 300 |
_a37 p. ; _c22 cm. |
||
| 502 | _aTesis presentada en la Facultad de Medicina de la Universidad Central de Madrid. | ||
| 530 | _aDisponible en formato digital. | ||
| 650 | 7 |
_aEnfermedades mentales _2embne _912263 |
|
| 710 | 2 |
_aUniversidad Central (Madrid). _bFacultad de Medicina _97093 |
|
| 852 |
_aES-MaACL _jT-562-F-9 _z- Enc. hol., conservando cub. original _z- Enc. en un vol. facticio |
||
| 856 |
_uhttp://bdh-rd.bne.es/viewer.vm?id=0000107076&page=1 _zBiblioteca Digital Hispánica |
||
| 999 |
_c154634 _d154634 |
||